书目信息 |
| 题名: |
光电检测技术与系统设计
|
|
| 作者: | 徐贵力 , 陈智军 , 郭瑞鹏 编著 | |
| 分册: | ||
| 出版信息: | 北京 国防工业出版社 2017重印 |
|
| 页数: | 280页 | |
| 开本: | 26cm | |
| 丛书名: | 航空航天工程类专业规划教材 | |
| 单 册: | ||
| 中图分类: | TP274-43 | |
| 科图分类: | ||
| 主题词: | 光电检测--guang dian jian ce--系统设计--教材 | |
| 电子资源: | ||
| ISBN: | 978-7-118-08889-2 | |
| 000 | 01250cam 2200313 45 | |
| 001 | 012001000189 | |
| 005 | 20140105141640.0 | |
| 010 | @a978-7-118-08889-2@dCNY35.00 | |
| 099 | @aCAL 012013117682 | |
| 100 | @a20131014d2013 em y0chiy50 ea | |
| 101 | 0 | @achi |
| 102 | @aCN@b110000 | |
| 105 | @aak a 000yy | |
| 106 | @ar | |
| 200 | 1 | @a光电检测技术与系统设计@Aguang dian jian ce ji shu yu xi tong she ji@f徐贵力 ... [等] 编著 |
| 210 | @a北京@c国防工业出版社@d2017重印 | |
| 215 | @a280页@c图@d26cm | |
| 225 | 2 | @a航空航天工程类专业规划教材@Ahang kong hang tian gong cheng lei zhuan ye gui hua jiao cai |
| 304 | @a徐贵力, 陈智军, 郭瑞鹏等编著 | |
| 320 | @a有书目 | |
| 330 | @a本书较全面和系统介绍了光电检测技术所涉及的基本光学知识,常用的光电检测器件,光电信号的拾取、处理,光电系统设计以及光电检测系统的典型应用,重点在于使读者掌握光电检测技术与系统的基础知识,掌握典型的光电检测系统设计实例。 | |
| 410 | 0 | @12001@a航空航天工程类专业规划教材 |
| 606 | 0 | @a光电检测@Aguang dian jian ce@x系统设计@j教材 |
| 690 | @aTP274-43@v5 | |
| 701 | 0 | @a徐贵力@Axu gui li@4编著 |
| 701 | 0 | @a陈智军@Achen zhi jun@4编著 |
| 701 | 0 | @a郭瑞鹏@Aguo rui peng@4编著 |
| 801 | 0 | @aCN@b北京卓展文化@c20191020 |
| 905 | @b1200029-32@dTP274-43@e340@f4 | |
| 光电检测技术与系统设计/徐贵力 ... [等] 编著.-北京:国防工业出版社,2017重印 |
| 280页:图;26cm.-(航空航天工程类专业规划教材) |
| ISBN 978-7-118-08889-2:CNY35.00 |
| 本书较全面和系统介绍了光电检测技术所涉及的基本光学知识,常用的光电检测器件,光电信号的拾取、处理,光电系统设计以及光电检测系统的典型应用,重点在于使读者掌握光电检测技术与系统的基础知识,掌握典型的光电检测系统设计实例。 |
| ● |
| 相关链接 |
|
|
|
|
正题名:光电检测技术与系统设计
索取号:TP274-43/340
 
预约/预借
| 序号 | 登录号 | 条形码 | 馆藏地/架位号 | 状态 | 备注 |
| 1 | 1200029 | 212000298 | 第二样本阅览室/ [索取号:TP274-43/340] | 在馆 | |
| 2 | 1200030 | 212000305 | 第三借阅区/ [索取号:TP274-43/340] | 在馆 | |
| 3 | 1200031 | 212000314 | 第三借阅区/ [索取号:TP274-43/340] | 在馆 | |
| 4 | 1200032 | 212000323 | 第三借阅区/ [索取号:TP274-43/340] | 在馆 |